00498nam a2200133Ia 4500008004100000100002100041245009200062245006100154260005300215260000900268300001100277650001500288856006100303170221s9999 xx 000 0 und d aYurii B. Mindlin aClusters in System of Instruments of Territorial Development of the Russian Federation  cYurii B. Mindlin, Eugeny P. Kolpak, Natalya A. Gasratova bInternational Review of Management and Marketing c2016 a6 : 1S xMarketing. uhttp://www.econjournals.com/index.php/irmm/issue/view/70